| 000 | 00851nam0a22002771 4500 | ||
|---|---|---|---|
| 001 | rc\4006121 | ||
| 005 | 20250611053426.0 | ||
| 021 |
_aRU _b[54-57173] |
||
| 035 | _a(NLR Aleph) 008076491 | ||
| 090 |
_a9095988 _c9095988 |
||
| 100 | _a20130415d1954 |||y0rusy50 ca | ||
| 101 | 0 | _arus | |
| 102 | _aRU | ||
| 105 | _aa z ||||| | ||
| 200 | 1 |
_aКак строится судно _e[Для учащихся 8-10-х классов] |
|
| 210 |
_aЛенинград _cСудпромгиз _d1954 |
||
| 215 |
_a84 с. _cил. _d22 |
||
| 225 | 1 | _aВ помощь политехнизации школы | |
| 606 |
_aСудостроение (д. л.) _2psbo |
||
| 700 | 1 |
_aГрищенко _bС.С. |
|
| 701 | 1 |
_aФедоров _bН.А. |
|
| 801 | 0 |
_aRU _bNLR _gpsbo |
|
| 801 | 1 |
_aRU _bELAR _2rusmarc |
|
| 852 |
_aNLR _jТ90 Г-6/349 |
||
| 942 | _cBOOK | ||
| 980 | _aNB | ||